Discrete-time control systems /
Gorde:
| Egile nagusia: | |
|---|---|
| Formatua: | Liburua |
| Hizkuntza: | Vietnamese |
| Argitaratua: |
Singapore :
Prentice-Hall ,
1989
|
| Gaiak: | |
| Etiketak: |
Etiketa erantsi
Etiketarik gabe, Izan zaitez lehena erregistro honi etiketa jartzen!
|
| Thư viện lưu trữ: | Thư viện Trường CĐ Kỹ Thuật Cao Thắng |
|---|
| LEADER | 00634nam a2200205 a 4500 | ||
|---|---|---|---|
| 001 | TVCDKTCT2871 | ||
| 003 | Thư viện trường Cao đẳng Kỹ thuật Cao Thắng | ||
| 005 | 20170523133403.3 | ||
| 008 | 050827 | ||
| 980 | \ | \ | |a Thư viện Trường CĐ Kỹ Thuật Cao Thắng |
| 024 | |a RG_1 #1 eb0 i1 | ||
| 041 | 0 | # | |a vie |
| 082 | # | # | |a 004 / |b 400O-d |
| 100 | 1 | # | |a Ogata Katsuhiko |
| 245 | 0 | 0 | |a Discrete-time control systems / |c Ogata Katsuhiko |
| 260 | # | # | |a Singapore : |b Prentice-Hall , |c 1989 |
| 300 | # | # | |a 994tr. ; |c 24cm |
| 650 | # | 4 | |a Tin học |
| 721 | # | # | |a Công nghệ thông tin |
| 841 | # | # | |b Kho Sách |j 100006717 |